000 00399cam a2200157ua 4500
041 _aeng
_h
082 _a823.308
_bGAR/CA
100 _aGardner, Stanley Erle .
245 _aCase of the sulky girl /
_cStanley Erle Gardner.
_hTextual Documents
250 _a1 /
_b.
260 _aNew York :
_bPocket books INC ,
_c1958.
300 _a230 ; .
504 _a
942 _cBK
999 _c7610
_d7610